• 首页
  • 本馆介绍
  • 公告通知
  • 最新文献
  • 馆藏检索
  • 电子资源
  • 读者导购
  • 参考咨询
  • 我的图书馆
  • 登录
  • 详细信息显示
  • 放入我的书架
  • 预约/预借图书
  • 作者相关作品
  • 分类相关作品
  • 丛书相关作品
  • 出版社相关作品

书目信息

  • 表格格式
  • 工作单格式
  • 卡片格式
题名:
激光成象器件
    
 
作者: 杨镇根 编
分册:  
出版信息:   《夜视技术》编辑部  1981
页数: 418页
开本: 20cm
丛书名:
单 册:
中图分类: TN223
科图分类:
主题词: 夜视技术 , 夜视技术--设备
电子资源:
ISBN:
000 00507nam0 2200181 450
001 0740978124
005 20070930112510.96
100    @a20070930d1981 km y0chiy0120 ea
101 0  @achi
200 1  @a激光成象器件@Aji guang cheng xiang qi jian@f杨镇根等编@Fyang zhen gen deng bian
210    @c《夜视技术》编辑部@d1981
215    @a418页@d20cm
606 0  @a夜视技术
606 0  @a夜视技术@x设备
690    @aTN223@v3
701  0 @a杨镇根@Ayang zhen gen@4编
801  0 @aCN@bPFT@c20070930
905    @a10447@dTN223@e82
    
    激光成象器件/杨镇根等编.-《夜视技术》编辑部,1981
    418页;20cm
    
    
    ISBN :
    
●
相关链接 在E读中查询图书 在五车中查询图书 在当当中查询图书 在豆瓣中查询图书


正题名:激光成象器件     索取号:TN223/82         预约/预借

序号 登录号 条形码 馆藏地/架位号 状态 备注
1 626254   206262541   第二样本阅览室/ [索取号:TN223/82] 在馆    
唐山师范学院图书馆 欢迎您!
大连网信软件有限公司© 版权所有